000 00593nam a2200193 i 4500
001 33086
003 ES-MaACL
005 20230906154707.0
007 t|
008 030201s1972 sp ||||1| spa d
100 1 _aBerben, Paul.
_927839
245 1 3 _aEl puente de Remagen
_b: 7 marzo 1945 /
_cPaul Berben y Bernard Iselin ; [traducción de Mariano Orta Manzano].
250 _a1ª ed.
260 _aBarcelona :
_bJuventud,
_c[1972]
300 _a239 p. ;
_c23 cm.
700 1 _aIselin, Bernard.
_965550
700 1 _aOrta Manzano, Mariano.
_987384
852 _aES-MaACL
_jC-45053
_bR.83529
999 _c33086
_d33086